Largest Cities of Greater Boston - Statistics

General Stats
  • This quiz has been taken 205 times
    73 since last reset
  • The average score is 14 of 20
Answer Stats
Suburb County State Population % Correct
Worcester Worcester MA 206,518
94%
Providence Providence RI 190,934
90%
Boston Suffolk MA 675,647
89%
Cambridge Middlesex MA 118,403
87%
Quincy Norfolk MA 101,636
83%
Manchester Hillsborough NH 115,644
78%
Lowell Middlesex MA 115,554
76%
New Bedford Bristol MA 101,079
73%
Lynn Essex MA 101,253
71%
Fall River Bristol MA 94,000
70%
Nashua Hillsborough NH 91,322
70%
Newton Middlesex MA 88,923
65%
Brockton Plymouth MA 105,643
63%
Warwick Kent RI 82,823
59%
Pawtucket Providence RI 75,604
56%
Somerville Middlesex MA 81,045
54%
Cranston Providence RI 82,934
52%
Lawrence Essex MA 89,143
52%
Framingham Middlesex MA 72,362
41%
Haverhill Essex MA 67,787
32%
No matching quizzes found
Score Distribution
Percent of People with Each Score
Percentile by Number Answered
Your Score History
You have not taken this quiz since the last reset